15 biggest cities in the U.S. that start with the letter B - Statistics

General Stats
  • This quiz has been taken 46 times
  • The average score is 11 of 15
Answer Stats
Hint Answer % Correct
MA673,458 Beantown Boston
100%
MD568,271 Charm City Baltimore
95%
AL197,357 Bombingham Birmingham
93%
LA220,907 The Red Stick Baton Rouge
90%
ID237,963 The City of Trees Boise
90%
CA121,749 Berserkeley Berkeley
85%
NY276,617 The Nickel City Buffalo
85%
CA417,468 Nashville West Bakersfield
78%
MT121,483 Montana’s Trailhead Billings
76%
TX112,893 Boremont Beaumont
73%
CT151,599 Park City Bridgeport
63%
WA154,377 City in a Park Bellevue
49%
TX191,967 The Chess Capital of Texas Brownsville
44%
OK122,756 Tree City Oklahoma Broken Arrow
41%
AZ114,334 No Nickname Buckeye
22%
No matching quizzes found
Score Distribution
Percent of People with Each Score
Percentile by Number Answered
Your Score History
You have not taken this quiz